FMA District Teams - Statistics

General Stats
  • This quiz has been taken 7 times
  • The average score is 40 of 139
Answer Stats
Hint Answer % Correct
2539 Krypton Cougars
100%
3314 Mechanical Mustangs
100%
365 Miracle Workerz
100%
341 Miss Daisy
100%
11 MORT
100%
2590 Nemesis
100%
5895 Peddie Robotics
100%
75 RoboRaiders
100%
8513 Sisters 1st
100%
1089 Team Mercury
100%
2607 The Fighting RoboVikings
100%
1923 The MidKnight Inventors
100%
1493 Cougar Robotics
75%
103 Cybersonics
75%
708 Hatters Robotics
75%
2495 Hive Mind
75%
316 LUNATECS
75%
7045 MCCrusaders
75%
193 MORT Beta
75%
9015 Questionable Engineering
75%
25 Raider Robotix
75%
321 RoboLancers
75%
834 SparTechs
75%
102 The Gearheads
75%
303 The T.E.S.T Team
75%
3142 Aperture
50%
2722 Charge Robotics
50%
1712 Dawgma
50%
709 Femme Tech Fatale
50%
1168 Malvern Robotics
50%
430 MORT GAMMA
50%
1257 Parallel Universe
50%
5992 Pirates
50%
1807 Redbird Robotics
50%
2720 Red Watch Robotics
50%
56 R.O.B.B.E.
50%
1218 SCH Robotics
50%
293 SPIKE
50%
219 Team Impact
50%
1676 The Pascack PI-oneers
50%
223 Xtreme Heat
50%
816 Anomaly
25%
6897 Astraea Robotics
25%
4750 Bert
25%
6945 Children of the Corn
25%
5113 Combustible Lemons
25%
272 Cyber Crusaders
25%
4342 Demon Robotics
25%
87 Diablo
25%
5181 Explorer Robotics
25%
5401 Fightin' Robotic Owls
25%
1811 FRESH
25%
9416 International Operatives of World Affairs
25%
427 LANCE-A-LOT
25%
2016 Mighty Monkey Wrenches
25%
555 Montclair Robotics
25%
2559 Normality Zero
25%
714 Panthera
25%
10584 Pennridge RoboRams
25%
2577 Pingry Robotics
25%
7414 RetroRobotics
25%
484 Roboforce
25%
41 RoboWarriors
25%
10157 Roman Robotics
25%
4373 RooBotics
25%
4361 Roxbotix
25%
1640 Sab-BOT-age
25%
423 Simple Machines
25%
203 SOUPERBOTS
25%
2458 Team Chaos
25%
9116 The Canucks & Bolts
25%
3637 The Daleks
25%
5490 The Dark Byte
25%
9094 The Earthquakers
25%
8117 The Easton RoboRovers
25%
1391 The Metal Moose
25%
2554 The Warhawks
25%
222 Tigertrons
25%
9014 Vulcan Mechanics
25%
6808 William Tennent Robotics
25%
5407 Wolfpack Robotics
25%
8130 Absegami Robotics
0%
2234 Alternating Current
0%
4637 BambieBotz
0%
10001 Belt 2 Bot
0%
6226 Blue Devils
0%
428 BoroBlasters
0%
10366 Builder Bears
0%
4285 Camo-Bots
0%
8639 CAP ROBOTICS
0%
752 Chargers
0%
1279 Cold Fusion
0%
10480 CyberStorm
0%
8075 CyberTigers
0%
10400 DART Doane Academy Robotics Team
0%
2095 Direct Current
0%
204 Eastern Robotics Vikings
0%
9424 E.O. JAG BOTS
0%
6860 Equitum Robotics
0%
1626 Falcon Robotics
0%
433 Firebirds
0%
2191 Flux Core
0%
4574 Gemini
0%
10070 Ghost Bots
0%
7110 Heights Byte
0%
1647 Iron Devils
0%
4652 Ironmen 2
0%
4653 Ironmen Robotics
0%
10232 Killer Kardinals 2
0%
9439 Knights of Polaris
0%
5310 Mecha Ravens
0%
7587 Metuchen Momentum
0%
8721 M.I.T.
0%
8706 MXS Bulldog Bots
0%
10170 ND Robotics
0%
8628 Newark School of Global Studies
0%
10143 Northeast High School Philadelphia Robotics
0%
9027 PATH to Domination
0%
8771 PioTech
0%
486 Positronic Panthers
0%
5666 Purple Lightning
0%
4573 Rambotics
0%
10653 Reybotics
0%
8714 Robo Griffins
0%
9100 Robo Roses
0%
1672 Robo T-Birds
0%
5732 ROBOTIGERS
0%
8588 Tech Devils
0%
6921 Technados
0%
5438 Technological Terrors
0%
8707 The Newark Circuit Breakers
0%
6016 Tiger Robotics
0%
5624 TIGER TECH Robotics
0%
5684 Titans of Tech
0%
10600 Two Steps Ahead
0%
3340 Union City MagneGeeks
0%
10069 University Academic Charter School
0%
8704 Void Warranty
0%
2180 Zero Gravity
0%
No matching quizzes found
Score Distribution
Percent of People with Each Score
Percentile by Number Answered
Your Score History
You have not taken this quiz